| 000 | 00513nam a2200181Ia 4500 | ||
|---|---|---|---|
| 005 | 20250326123634.0 | ||
| 008 | 250326s9999 xx 000 0 und d | ||
| 037 | _aTextbook | ||
| 040 |
_aFMSL _beng _cFMSL |
||
| 041 |
_aeng _2eng |
||
| 084 |
_aD658(B) K2 _qFMSL |
||
| 100 | _aBorko H | ||
| 245 | 0 |
_aComputer applications in the behavioural sciences _cBorko H |
|
| 260 |
_aNew Jersey _bNew Jersey, Prentice-Hall _c1962 |
||
| 300 | _a633p | ||
| 942 |
_cTB _hD658(B) K2 |
||
| 999 |
_c1270271 _d1270271 |
||